000 00724nam a2200289Ia 4500
001 6916
005 20240113233947.0
007 ta
008 050701s1995 a g b000 u eng u
020 _a0 19 564164-7
040 _aCotton College,Assam
041 _aeng
082 _a339
_bPa 27 Ma
100 _aPatnaik, Prabhat .
245 0 _aMacroeconomics /
_cPrabhat Patnaik.
_hTextual Documents
250 _a1st ed. /
260 _aDelhi :
_bOxford university ,
_c1995.
300 _a247p. :
_bill. ;
_c22cm .
504 _aIndex
653 _aEconomics
653 _aMacroeconomics
653 _aPG-Economics
942 _2ddc
_cBK
999 _c6903
_d6903